路線名 一覧クイズ 栃木県 - Statistics

General Stats
  • This quiz has been taken 309 times
  • The average score is 12 of 15
Answer Stats
事業者名 答え 区間 % Correct
JR東日本 日光線 宇都宮~日光
99%
JR東日本 東北本線(宇都宮線区間含む) 野木~豊原
98%
JR東日本 両毛線 小山~小俣
94%
JR東日本 烏山線 宝積寺~烏山
93%
JR東日本 東北新幹線 小山~那須塩原
92%
東武鉄道 日光線 藤岡~東武日光
90%
JR東日本 水戸線 小山
88%
東武鉄道 宇都宮線 新栃木~東武宇都宮
88%
東武鉄道 伊勢崎線 県~野州山辺
83%
東武鉄道 鬼怒川線 下今市~新藤原
80%
東武鉄道 佐野線 田島~葛生
77%
三セク-3 真岡線(真岡鐵道) 久下田~茂木
73%
三セク-2 宇都宮芳賀ライトレール線(宇都宮ライトレール) 宇都宮駅東口~芳賀・高根沢工業団地
62%
三セク-1 会津鬼怒川線(野岩鉄道) 新藤原~男鹿高原
57%
三セク-4 わたらせ渓谷線(わたらせ渓谷鉄道) 原向~間藤
52%
No matching quizzes found
Score Distribution
Percent of People with Each Score
Percentile by Number Answered
Your Score History
You have not taken this quiz